| 000 | 00814nam a2200241 i 4500 | ||
|---|---|---|---|
| 001 | 7148 | ||
| 003 | ES-MaACL | ||
| 005 | 20230906145154.0 | ||
| 007 | t| | ||
| 008 | 900921s1990 sp |||| | spa d | ||
| 020 | _a84-7600-478-8 | ||
| 080 | _a9(100)"15/16" | ||
| 100 | 1 |
_aPéronnet, Michel. _991323 |
|
| 245 | 1 | 3 |
_aEl siglo XVI _b: de los grandes descubrimientos a la Contrarreforma (1492-1620) / _cMichel Peronnet ; traduccion de Yago Barja de Quiroga. |
| 260 |
_aMadrid : _bAkal, _c[1990] |
||
| 300 |
_a328 p., [16] p. de mapas : _bil. ; _c24 cm. |
||
| 490 | 1 |
_aIniciacion a la historia ; _v5 |
|
| 651 | 4 |
_aEuropa- _xHistoria- _y1492-1648. _9167962 |
|
| 700 | 1 |
_aBarja de Quiroga, Yago. _925663 |
|
| 830 | 1 |
_aIniciacion a la historia ; _v5 _9178410 |
|
| 852 |
_aES-MaACL _jL-14399 |
||
| 999 |
_c7148 _d7148 |
||